| 000 | 00445nam a2200157 a 4500 | ||
|---|---|---|---|
| 001 | 000047226 | ||
| 005 | 20201002053449.0 | ||
| 008 | 180424s2017 dr a 000 spa d | ||
| 020 | _a9789945176186 | ||
| 040 |
_aDO-SdBNP _bspa _cBNPHU |
||
| 082 |
_axxx _bM425 |
||
| 245 | 0 |
_aMatemática 1. : _bnivel secundaria antiguo 8 básica. |
|
| 260 |
_aSanto Domingo : _bSM, _c2017. |
||
| 300 |
_a223 p. : _bil ; _c28 .5. |
||
| 590 | _aInventariado, 2018 / DG | ||
| 999 |
_c46714 _d46714 |
||